LEADER 01545nam 2200337Ia 450 001 996389584603316 005 20210104172030.0 035 $a(CKB)4940000000096513 035 $a(EEBO)2240855466 035 $a(OCoLC)ocn879330906e 035 $a(OCoLC)879330906 035 $a(EXLCZ)994940000000096513 100 $a20140507d1662 uy 0 101 0 $aeng 135 $aurbn||||a|bb| 200 10$aArticles of visitation and enquiry concerning matters ecclesiasticall$b[electronic resource] $eexhibited to the ministers, church-wardens, and side-men of every parish, within the diocesse and province of Yorke : in the metropoliticall visitation of the most reverend father in God accepted, by divine providence Lord Arch-Bishop of York : begun in the year of our Lord God, 1662 : and in the second year of His Graces translation 210 $aYorke $cPrinted by Alice Broade$d1662 215 $a14 p 300 $aTitle in decorative border not found in Mck. & Ferg., head- and tail-pieces, initials. 300 $aReproduction of original in: Balliol College (University of Oxford). Library. 330 $aeebo-0007 606 $aVisitations, Ecclesiastical$zEngland$vEarly works to 1800 615 0$aVisitations, Ecclesiastical 701 $aFrewen$b Accepted$f1588-1664.$01001860 702 $aBroad$b Alice$factive 1660-1680, 801 0$bUMI 801 1$bUMI 906 $aBOOK 912 $a996389584603316 996 $aArticles of visitation and enquiry concerning matters ecclesiasticall$92407400 997 $aUNISA